[Event "Bobby Fischer Memorial"]
[Site "Villa Martelli ARG"]
[Date "2008.03.11"]
[Round "1.3"]
[White "Lemos, Damian"]
[Black "Panno, Oscar"]
[Result "1/2-1/2"]
[WhiteElo "2460"]
[BlackElo "2429"]
[PlyCount "44"]
[EventDate "2008.03.11"]
[EventType "tourn"]
[EventRounds "9"]
[EventCountry "ARG"]
[EventCategory "8"]
[Source "lmi"]
[SourceDate "2008.03.11"]

1. d4 Nf6 2. Nf3 g6 3. g3 Bg7 4. Bg2 O-O 5. O-O c5 6. d5 d6 7. Nc3 Na6 8. e4
Nc7 9. a4 b6 10. e5 Ng4 11. exd6 exd6 12. Bg5 f6 13. Bf4 Bh6 14. Bxh6 Nxh6 15.
Qd2 Nf7 16. Rfe1 Bb7 17. Nh4 f5 18. f4 Re8 19. Re6 Bc8 20. Rxe8+ Qxe8 21. Re1
Qf8 22. Bf1 a6 1/2-1/2

[Event "Bobby Fischer Memorial"]
[Site "Villa Martelli ARG"]
[Date "2008.03.11"]
[Round "1.4"]
[White "Valerga, Diego"]
[Black "Rodriguez Vila, Andres"]
[Result "1-0"]
[WhiteElo "2478"]
[BlackElo "2566"]
[PlyCount "77"]
[EventDate "2008.03.11"]
[EventType "tourn"]
[EventRounds "9"]
[EventCountry "ARG"]
[EventCategory "8"]
[Source "lmi"]
[SourceDate "2008.03.11"]

1. e4 e6 2. d4 d5 3. Nc3 Bb4 4. e5 c5 5. a3 Bxc3+ 6. bxc3 Qa5 7. Bd2 Qa4 8. h4
b6 9. h5 cxd4 10. Rh4 Nc6 11. Nf3 Ba6 12. Bxa6 Qxa6 13. cxd4 Nge7 14. h6 g6 15.
Bg5 Rc8 16. Rf4 Rc7 17. g4 O-O 18. Bf6 Rfc8 19. Ng5 Qc4 20. Qd2 Rb7 21. c3 a5
22. Rf3 Nd8 23. Bxe7 Rxe7 24. Qf4 f5 25. exf6 Rf7 26. Qe5 Qb5 27. Nxf7 Nxf7 28.
Qe2 Qd7 29. Rb1 Rc6 30. Qa6 Qd8 31. Qb7 Rd6 32. g5 Qe8 33. Rxb6 Rxb6 34. Qxb6
Nxg5 35. Re3 a4 36. Qc7 Nf7 37. Qe7 Qb5 38. Qxe6 Qb1+ 39. Ke2 1-0

[Event "Bobby Fischer Memorial"]
[Site "Villa Martelli ARG"]
[Date "2008.03.12"]
[Round "2.2"]
[White "Rodriguez Vila, Andres"]
[Black "Slipak, Sergio"]
[Result "1/2-1/2"]
[WhiteElo "2566"]
[BlackElo "2448"]
[PlyCount "120"]
[EventDate "2008.03.11"]
[EventType "tourn"]
[EventRounds "9"]
[EventCountry "ARG"]
[EventCategory "8"]
[Source "lmi"]
[SourceDate "2008.03.11"]

1. e4 c6 2. d4 d5 3. e5 Bf5 4. Ne2 e6 5. Nf4 h6 6. Bd3 Bxd3 7. Qxd3 Qa5+ 8. Nc3
Qa6 9. Qh3 Nd7 10. Be3 O-O-O 11. Nd3 Ne7 12. O-O Nf5 13. a4 c5 14. Nb5 c4 15.
Nf4 Nb8 16. g4 Nxe3 17. fxe3 Qb6 18. b3 a6 19. bxc4 axb5 20. cxb5 Nd7 21. g5
hxg5 22. Qxh8 gxf4 23. Rxf4 Nxe5 24. Qh3 g5 25. Rf6 g4 26. Qh5 Nf3+ 27. Kg2 Qc7
28. Qxg4 Nd2 29. b6 Qxb6 30. Rxf7 Nc4 31. Qh3 Kb8 32. Kh1 e5 33. a5 Nxa5 34.
dxe5 Bc5 35. e6 Re8 36. e7 Bxe7 37. Qd7 Qd8 38. Rxe7 Qxe7 39. Qxe7 Rxe7 40.
Rxa5 Rxe3 41. Rxd5 Re1+ 42. Kg2 Re2+ 43. Kg3 Rxc2 44. h4 Rc1 45. h5 Rh1 46. Kg4
Kc7 47. Kg5 Kc6 48. Rd4 b5 49. h6 Kc5 50. Rh4 Rg1+ 51. Kf6 Rg8 52. Kf7 Rh8 53.
Kg7 Rb8 54. h7 b4 55. h8=Q Rxh8 56. Rxh8 b3 57. Kf6 Kc4 58. Ke5 b2 59. Rb8 Kc3
60. Ke4 Kc2 1/2-1/2

[Event "Bobby Fischer Memorial"]
[Site "Villa Martelli ARG"]
[Date "2008.03.12"]
[Round "2.3"]
[White "Panno, Oscar"]
[Black "Valerga, Diego"]
[Result "1/2-1/2"]
[WhiteElo "2429"]
[BlackElo "2478"]
[PlyCount "30"]
[EventDate "2008.03.11"]
[EventType "tourn"]
[EventRounds "9"]
[EventCountry "ARG"]
[EventCategory "8"]
[Source "lmi"]
[SourceDate "2008.03.11"]

1. g3 Nf6 2. Bg2 d5 3. Nf3 g6 4. c4 Bg7 5. O-O O-O 6. Na3 Nc6 7. d4 dxc4 8.
Nxc4 Be6 9. b3 Bd5 10. Bb2 Qc8 11. Rc1 Rd8 12. e3 a5 13. a3 Ne4 14. Qc2 Qe6 15.
Rfd1 f5 1/2-1/2

[Event "Bobby Fischer Memorial"]
[Site "Villa Martelli ARG"]
[Date "2008.03.12"]
[Round "2.4"]
[White "Flores Rios, Mauricio"]
[Black "Lemos, Damian"]
[Result "1-0"]
[WhiteElo "2320"]
[BlackElo "2460"]
[PlyCount "105"]
[EventDate "2008.03.11"]
[EventType "tourn"]
[EventRounds "9"]
[EventCountry "ARG"]
[EventCategory "8"]
[Source "lmi"]
[SourceDate "2008.03.11"]

1. e4 c5 2. Nf3 e6 3. d4 cxd4 4. Nxd4 a6 5. c4 Nf6 6. Nc3 Bb4 7. Qd3 Nc6 8.
Nxc6 dxc6 9. Qxd8+ Kxd8 10. e5 Ne4 11. a3 Bxc3+ 12. bxc3 Kc7 13. Be3 b6 14. Bd3
Nc5 15. Bxc5 bxc5 16. O-O-O Bb7 17. Rhe1 Rad8 18. Re3 Rd7 19. Bf1 Rxd1+ 20.
Kxd1 Rd8+ 21. Kc2 Kd7 22. Rg3 g6 23. Rh3 Rh8 24. Bd3 h6 25. Kb3 Kc7 26. Rf3 Rh7
27. g4 Kb6 28. Rh3 Bc8 29. Be2 Bd7 30. Rf3 Bc8 31. Rf6 Rg7 32. h4 Kc7 33. Ka4
Kb6 34. Rf3 Bd7 35. Rd3 Kc7 36. Rf3 Kb6 37. Kb3 Kc7 38. Bd3 Be8 39. Rf6 Rg8 40.
Be4 Kd7 41. Ka4 Kc7 42. Ka5 Rg7 43. Kxa6 h5 44. g5 Bd7 45. Ka7 Be8 46. a4 Bd7
47. a5 Be8 48. a6 Bd7 49. Rf3 Bc8 50. Rd3 Bxa6 51. Kxa6 Rg8 52. Ka7 Rb8 53.
Rd7+ 1-0

[Event "Bobby Fischer Memorial"]
[Site "Villa Martelli ARG"]
[Date "2008.03.12"]
[Round "2.5"]
[White "Coelho, Luis Henrique"]
[Black "Claverie, Raul"]
[Result "1-0"]
[WhiteElo "2392"]
[BlackElo "2394"]
[PlyCount "101"]
[EventDate "2008.03.11"]
[EventType "tourn"]
[EventRounds "9"]
[EventCountry "ARG"]
[EventCategory "8"]
[Source "lmi"]
[SourceDate "2008.03.11"]

1. d4 f5 2. g3 Nf6 3. Bg2 g6 4. Nf3 Bg7 5. O-O O-O 6. b3 d6 7. Bb2 Qe8 8. c4 h6
9. Nc3 g5 10. Qc2 Na6 11. e4 Nb4 12. Qe2 Nxe4 13. Nxe4 fxe4 14. Qxe4 d5 15. Qe2
Bf5 16. Ne5 Bxe5 17. Qxe5 Nd3 18. Qe2 Nxb2 19. Qxb2 dxc4 20. bxc4 Rb8 21. Rfe1
Qd7 22. Re3 c6 23. Rae1 e6 24. d5 Rbe8 25. Qe2 cxd5 26. cxd5 e5 27. Rxe5 Rxe5
28. Qxe5 Qg7 29. Qe3 b6 30. h3 Qf6 31. Rc1 Rc8 32. Rc6 Qf8 33. g4 Re8 34. Qd4
Re1+ 35. Kh2 Bd7 36. Rg6+ Kh7 37. Rf6 Qb8+ 38. d6 Qe8 39. Bd5 Qe5+ 40. Qxe5
Rxe5 41. Bb3 Bc6 42. d7 Bxd7 43. Rf7+ Kg6 44. Rxd7 Ra5 45. Kg3 Ra3 46. Rd6+ Kg7
47. h4 gxh4+ 48. Kxh4 Ra5 49. f4 b5 50. f5 b4 51. f6+ 1-0

[Event "Bobby Fischer Memorial"]
[Site "Villa Martelli ARG"]
[Date "2008.03.13"]
[Round "3.2"]
[White "Lemos, Damian"]
[Black "Coelho, Luis Henrique"]
[Result "1-0"]
[WhiteElo "2460"]
[BlackElo "2392"]
[PlyCount "119"]
[EventDate "2008.03.11"]
[EventType "tourn"]
[EventRounds "9"]
[EventCountry "ARG"]
[EventCategory "8"]
[Source "lmi"]
[SourceDate "2008.03.11"]

1. d4 d5 2. Nf3 Nf6 3. c4 c6 4. e3 Bf5 5. Nc3 e6 6. Nh4 Bg6 7. Bd2 Nbd7 8. Nxg6
hxg6 9. Rc1 Bd6 10. g3 O-O 11. Qb3 Rb8 12. Bg2 dxc4 13. Qxc4 e5 14. O-O Qe7 15.
dxe5 Nxe5 16. Qe2 Qe6 17. b3 Ba3 18. Rcd1 Rbd8 19. Ne4 Nd5 20. h3 Rfe8 21. f4
Nd7 22. Ng5 Qe7 23. e4 f6 24. Qg4 Nc7 25. Nf3 Qxe4 26. Nh4 Qc2 27. Qxg6 Qxg6
28. Nxg6 Nc5 29. Ba5 Rxd1 30. Rxd1 Nb5 31. f5 Ne4 32. Bxe4 Rxe4 33. Rd8+ Kf7
34. Rd7+ Kg8 35. b4 Re8 36. Rxb7 Nd6 37. Re7 Ra8 38. g4 Nc4 39. Rc7 c5 40. Rxc5
Nxa5 41. Rxa5 Bxb4 42. Rb5 Bd6 43. Rd5 Bc7 44. Rd7 Bb6+ 45. Kf1 Bc5 46. Nf4 Bf8
47. Ne6 a5 48. a4 Rc8 49. Ke2 Kh7 50. Rf7 Bb4 51. Rxg7+ Kh8 52. Rc7 Rb8 53. Rd7
Ba3 54. Rd8+ Rxd8 55. Nxd8 Bc5 56. h4 Kh7 57. g5 fxg5 58. hxg5 Be7 59. Ne6 Kg8
60. g6 1-0

[Event "Bobby Fischer Memorial"]
[Site "Villa Martelli ARG"]
[Date "2008.03.13"]
[Round "3.3"]
[White "Valerga, Diego"]
[Black "Flores Rios, Mauricio"]
[Result "1/2-1/2"]
[WhiteElo "2478"]
[BlackElo "2320"]
[PlyCount "68"]
[EventDate "2008.03.11"]
[EventType "tourn"]
[EventRounds "9"]
[EventCountry "ARG"]
[EventCategory "8"]
[Source "lmi"]
[SourceDate "2008.03.11"]

1. e4 c5 2. Nf3 e6 3. c3 Nf6 4. e5 Nd5 5. Bc4 d6 6. O-O Nc6 7. d4 cxd4 8. cxd4
Be7 9. exd6 Qxd6 10. Nc3 O-O 11. Re1 a6 12. Bb3 b5 13. Nxd5 exd5 14. Ne5 Be6
15. Bf4 Nxe5 16. Bxe5 Qd7 17. Qf3 Rfc8 18. h3 a5 19. Re2 a4 20. Bc2 a3 21. bxa3
Rxa3 22. Qh5 h6 23. Rae1 Rcc3 24. Bxg7 Kxg7 25. Rxe6 fxe6 26. Qg6+ Kf8 27.
Qxh6+ Ke8 28. Qh8+ Bf8 29. Qg8 Ke7 30. Bf5 Ra6 31. Qg5+ Kf7 32. Qg6+ Ke7 33.
Qg5+ Kf7 34. Qg6+ Ke7 1/2-1/2

[Event "Bobby Fischer Memorial"]
[Site "Villa Martelli ARG"]
[Date "2008.03.14"]
[Round "4.2"]
[White "Panno, Oscar"]
[Black "Flores, Diego"]
[Result "1/2-1/2"]
[PlyCount "37"]
[EventDate "2008.03.11"]
[EventType "tourn"]
[EventRounds "9"]
[EventCountry "ARG"]
[EventCategory "8"]
[Source "lmi"]
[SourceDate "2008.03.11"]
[WhiteElo "2429"]
[BlackElo "2558"]

1. Nf3 c5 2. c4 Nc6 3. d4 cxd4 4. Nxd4 g6 5. e4 Bg7 6. Be3 Nf6 7. Nc3 O-O 8.
Be2 d6 9. O-O Bd7 10. Qd2 Nxd4 11. Bxd4 Bc6 12. f3 Nd7 13. Be3 a5 14. b3 Nc5
15. Rab1 Qb6 16. Rfc1 Rfc8 17. Rc2 h5 18. Bf1 Kh7 19. g3 1/2-1/2

[Event "Bobby Fischer Memorial"]
[Site "Villa Martelli ARG"]
[Date "2008.03.14"]
[Round "4.3"]
[White "Flores Rios, Mauricio"]
[Black "Slipak, Sergio"]
[Result "1-0"]
[PlyCount "73"]
[EventDate "2008.03.11"]
[EventType "tourn"]
[EventRounds "9"]
[EventCountry "ARG"]
[EventCategory "8"]
[Source "lmi"]
[SourceDate "2008.03.11"]
[WhiteElo "2320"]
[BlackElo "2448"]

1. e4 e5 2. Nf3 Nc6 3. Bb5 a6 4. Ba4 d6 5. c3 Nge7 6. O-O Bd7 7. d4 Ng6 8. d5
Nb8 9. Bc2 Be7 10. c4 O-O 11. Nc3 Bg4 12. h3 Bxf3 13. Qxf3 Bg5 14. g3 Nd7 15.
Be3 h6 16. Kh2 Bxe3 17. Qxe3 Qe7 18. f4 exf4 19. gxf4 f5 20. Qg3 Nh4 21. Rae1
fxe4 22. Rxe4 Qd8 23. Re6 Kh8 24. Rfe1 Ne5 25. Re3 Nef3+ 26. Rxf3 Nxf3+ 27.
Qxf3 Qh4 28. Ne2 Rf7 29. Bg6 Rf6 30. Qg3 Qxg3+ 31. Kxg3 Raf8 32. f5 b5 33. cxb5
axb5 34. Nd4 Ra8 35. Nxb5 Rff8 36. Nc3 Rfb8 37. b3 1-0

[Event "Bobby Fischer Memorial"]
[Site "Villa Martelli ARG"]
[Date "2008.03.15"]
[Round "5.2"]
[White "Valerga, Diego"]
[Black "Claverie, Raul"]
[Result "1/2-1/2"]
[PlyCount "134"]
[EventDate "2008.03.11"]
[EventType "tourn"]
[EventRounds "9"]
[EventCountry "ARG"]
[EventCategory "8"]
[Source "lmi"]
[SourceDate "2008.03.11"]
[WhiteElo "2478"]
[BlackElo "2394"]

1. e4 e6 2. d4 d5 3. Nc3 Bb4 4. e5 c5 5. a3 Bxc3+ 6. bxc3 Ne7 7. Qg4 O-O 8. Bd3
Nbc6 9. Qh5 Ng6 10. Nf3 Qc7 11. Be3 c4 12. Bxg6 fxg6 13. Qg4 Qf7 14. Ng5 Qe8
15. h4 h6 16. Nh3 Bd7 17. Qe2 Ne7 18. g4 Rc8 19. Kd2 Rc6 20. h5 g5 21. f4 gxf4
22. Nxf4 Rb6 23. Rab1 Rxb1 24. Rxb1 b6 25. Rg1 Kh8 26. g5 hxg5 27. Rxg5 Rf5 28.
Rg4 Kh7 29. Qg2 Qf7 30. Nh3 Rxh5 31. Ng5+ Rxg5 32. Bxg5 Nf5 33. Qh3+ Kg8 34.
Bf6 Ba4 35. Rg2 Kf8 36. Bg5 Be8 37. Rh2 Qg6 38. Qh8+ Kf7 39. Rg2 Ba4 40. Kc1
Ne3 41. Rf2+ Nf5 42. Qd8 Be8 43. Kb2 Kg8 44. Rg2 Qf7 45. Rf2 Qd7 46. Qxd7 Bxd7
47. Rh2 Ng3 48. Rh3 Ne4 49. Bd8 b5 50. Rf3 Be8 51. Be7 Bf7 52. Rf4 a5 53. Bd8
a4 54. Bh4 Bg6 55. Rg4 Kf7 56. Be7 Bf5 57. Rg2 Kg8 58. Bd8 Kf7 59. Bh4 g6 60.
Re2 g5 61. Rxe4 dxe4 62. Bxg5 Kg6 63. Be3 Kh5 64. Kc1 Kg4 65. Kd2 Kf3 66. Bg5
e3+ 67. Bxe3 Be4 1/2-1/2

[Event "Bobby Fischer Memorial"]
[Site "Villa Martelli ARG"]
[Date "2008.03.15"]
[Round "5.3"]
[White "Slipak, Sergio"]
[Black "Coelho, Luis Henrique"]
[Result "0-1"]
[PlyCount "68"]
[EventDate "2008.03.11"]
[EventType "tourn"]
[EventRounds "9"]
[EventCountry "ARG"]
[EventCategory "8"]
[Source "lmi"]
[SourceDate "2008.03.11"]
[WhiteElo "2448"]
[BlackElo "2392"]

1. d4 d5 2. c4 c6 3. Nf3 Nf6 4. e3 Bf5 5. Bd3 Bxd3 6. Qxd3 e6 7. O-O Nbd7 8.
Nbd2 Be7 9. e4 O-O 10. cxd5 cxd5 11. e5 Ne8 12. Re1 Rc8 13. Nf1 Nb8 14. Bd2 Nc6
15. Ng3 Qb6 16. h4 Nc7 17. Bg5 Bb4 18. Re2 Qb5 19. Qe3 Be7 20. Nh5 Kh8 21. Rc2
Bxg5 22. Nxg5 Ne7 23. Rac1 Qd7 24. Qa3 h6 25. Nf6 gxf6 26. exf6 Ng6 27. Qg3 e5
28. h5 Nf4 29. dxe5 Qf5 30. Ne4 Nce6 31. Nc3 d4 32. Kf1 dxc3 33. Rxc3 Rxc3 34.
Qxc3 Qd3+ 0-1

[Event "Bobby Fischer Memorial"]
[Site "Villa Martelli ARG"]
[Date "2008.03.15"]
[Round "5.4"]
[White "Flores, Diego"]
[Black "Flores Rios, Mauricio"]
[Result "0-1"]
[PlyCount "116"]
[EventDate "2008.03.11"]
[EventType "tourn"]
[EventRounds "9"]
[EventCountry "ARG"]
[EventCategory "8"]
[Source "lmi"]
[SourceDate "2008.03.11"]
[WhiteElo "2558"]
[BlackElo "2320"]

1. c4 g6 2. Nc3 Bg7 3. g3 Nf6 4. Bg2 O-O 5. e4 d6 6. Nge2 c5 7. O-O Nc6 8. d3
a6 9. h3 Rb8 10. a4 Ne8 11. Be3 Nc7 12. d4 cxd4 13. Nxd4 Ne6 14. Nde2 Nc5 15.
Rb1 f5 16. exf5 Bxf5 17. Ra1 Kh8 18. Nf4 Nb4 19. g4 Bc2 20. Qe2 Rxf4 21. Bxf4
Bd3 22. Qf3 Bxf1 23. Rxf1 Nbd3 24. Bg5 h6 25. Be3 Nxb2 26. Nd5 Nxc4 27. Bxc5
dxc5 28. Re1 Ne5 29. Qe3 Qd6 30. Kh1 b5 31. axb5 axb5 32. f4 Nc6 33. f5 g5 34.
h4 gxh4 35. g5 Bd4 36. Qh3 Qg3 37. Qxg3 hxg3 38. Re6 Rd8 39. Rxh6+ Kg7 40. Be4
Rh8 41. Rxh8 Kxh8 42. Nc7 Na7 43. Nd5 Nc8 44. Kg2 Be5 45. Ne3 Nd6 46. Bc2 Bf4
47. Nd5 Bxg5 48. Kxg3 Bf6 49. Kf4 Kg7 50. Kg4 Nc4 51. Kf4 Kf8 52. Bd3 Nd6 53.
Bc2 Ke8 54. Kg4 Kd7 55. Bd1 Be5 56. Kg5 Ne4+ 57. Kg6 Nf6 58. Nb6+ Kc7 0-1

[Event "Bobby Fischer Memorial"]
[Site "Villa Martelli ARG"]
[Date "2008.03.16"]
[Round "6.2"]
[White "Flores Rios, Mauricio"]
[Black "Rodriguez Vila, Andres"]
[Result "1/2-1/2"]
[PlyCount "51"]
[EventDate "2008.03.11"]
[EventType "tourn"]
[EventRounds "9"]
[EventCountry "ARG"]
[EventCategory "8"]
[Source "lmi"]
[SourceDate "2008.03.11"]
[WhiteElo "2320"]
[BlackElo "2566"]

1. e4 e6 2. d4 d5 3. Nd2 Nf6 4. e5 Nfd7 5. Bd3 c5 6. c3 Nc6 7. Ne2 cxd4 8. cxd4
f6 9. exf6 Nxf6 10. O-O Bd6 11. Nf3 Qc7 12. Bg5 O-O 13. Bh4 Nh5 14. Qc2 h6 15.
Bh7+ Kh8 16. Bg6 Nf4 17. Nxf4 Rxf4 18. Bg3 Rf6 19. Rfe1 Bxg3 20. hxg3 Qb6 21.
Rad1 Bd7 22. Qb1 Raf8 23. Bh5 Be8 24. Bxe8 Rxe8 25. Rd2 Qa5 26. Rd3 1/2-1/2

[Event "Bobby Fischer Memorial"]
[Site "Villa Martelli ARG"]
[Date "2008.03.16"]
[Round "6.4"]
[White "Claverie, Raul"]
[Black "Slipak, Sergio"]
[Result "1/2-1/2"]
[PlyCount "41"]
[EventDate "2008.03.11"]
[EventType "tourn"]
[EventRounds "9"]
[EventCountry "ARG"]
[EventCategory "8"]
[Source "lmi"]
[SourceDate "2008.03.11"]
[WhiteElo "2394"]
[BlackElo "2448"]

1. e4 c6 2. c3 d5 3. d3 dxe4 4. dxe4 Qxd1+ 5. Kxd1 e5 6. Nd2 Be6 7. Bc4 Bxc4 8.
Nxc4 Nd7 9. Be3 Bc5 10. Kc2 Bxe3 11. Nxe3 O-O-O 12. Nf3 Nh6 13. b4 f6 14. a4
Nf8 15. Rhb1 Ne6 16. a5 a6 17. Nd2 Nf7 18. Ndc4 Kc7 19. Rd1 Rxd1 20. Rxd1 Rd8
21. Rxd8 1/2-1/2

[Event "Bobby Fischer Memorial"]
[Site "Villa Martelli ARG"]
[Date "2008.03.16"]
[Round "6.5"]
[White "Lemos, Damian"]
[Black "Valerga, Diego"]
[Result "1/2-1/2"]
[PlyCount "43"]
[EventDate "2008.03.11"]
[EventType "tourn"]
[EventRounds "9"]
[EventCountry "ARG"]
[EventCategory "8"]
[Source "lmi"]
[SourceDate "2008.03.11"]
[WhiteElo "2460"]
[BlackElo "2478"]

1. d4 Nf6 2. Nf3 g6 3. g3 Bg7 4. Bg2 O-O 5. O-O d6 6. c4 Nc6 7. Nc3 Bf5 8. d5
Na5 9. Nd4 Bd7 10. b3 c5 11. dxc6 Nxc6 12. Bb2 Qa5 13. e3 Rfc8 14. Qe2 Qh5 15.
Qxh5 Nxh5 16. Rfd1 Rab8 17. Nd5 Kf8 18. Bf3 Nxd4 19. Bxd4 Bxd4 20. Rxd4 Ng7 21.
Rd2 Ne6 22. Be2 1/2-1/2

[Event "Bobby Fischer Memorial"]
[Site "Villa Martelli ARG"]
[Date "2008.03.17"]
[Round "7.2"]
[White "Slipak, Sergio"]
[Black "Lemos, Damian"]
[Result "1/2-1/2"]
[PlyCount "34"]
[EventDate "2008.03.11"]
[EventType "tourn"]
[EventRounds "9"]
[EventCountry "ARG"]
[EventCategory "8"]
[Source "lmi"]
[SourceDate "2008.03.11"]
[WhiteElo "2448"]
[BlackElo "2460"]

1. d4 d5 2. c4 c6 3. Nf3 Nf6 4. e3 Bg4 5. Nbd2 e6 6. h3 Bh5 7. Bd3 Nbd7 8. Qc2
Be7 9. O-O Bg6 10. Bxg6 hxg6 11. e4 Nxe4 12. Nxe4 dxe4 13. Qxe4 O-O 14. Bd2 Re8
15. Bc3 Qc7 16. Rac1 Rad8 17. Rfd1 Bf6 1/2-1/2

[Event "Bobby Fischer Memorial"]
[Site "Villa Martelli ARG"]
[Date "2008.03.17"]
[Round "7.3"]
[White "Flores, Diego"]
[Black "Claverie, Raul"]
[Result "1-0"]
[PlyCount "111"]
[EventDate "2008.03.11"]
[EventType "tourn"]
[EventRounds "9"]
[EventCountry "ARG"]
[EventCategory "8"]
[Source "lmi"]
[SourceDate "2008.03.11"]
[WhiteElo "2558"]
[BlackElo "2394"]

1. c4 f5 2. g3 Nf6 3. Bg2 Nc6 4. Nf3 d6 5. O-O g6 6. Nc3 Bg7 7. Rb1 e5 8. d3
O-O 9. b4 h6 10. b5 Ne7 11. a4 Rb8 12. c5 b6 13. cxd6 cxd6 14. Qb3+ Kh7 15. Ba3
Bb7 16. Qe6 Nc8 17. Rbc1 Re8 18. Qf7 Re7 19. Qb3 Rc7 20. e4 Ne7 21. Nd2 d5 22.
Bxe7 Rxe7 23. Nxd5 Bxd5 24. exd5 Rd7 25. Rfe1 Nxd5 26. Nf3 Rc8 27. Rc6 Ne7 28.
Rxc8 Nxc8 29. Nxe5 Re7 30. Qc3 Qd6 31. d4 Rc7 32. Nc6 Ne7 33. Rd1 a6 34. Qc4
axb5 35. axb5 Rc8 36. d5 Ng8 37. Qf4 Qxf4 38. gxf4 Nf6 39. d6 Nd7 40. Bd5 Re8
41. Ne7 Rf8 42. Bc6 Nf6 43. d7 Rd8 44. Rd6 Nh5 45. Nxg6 Bf6 46. Ne5 Kg7 47. Bf3
Bxe5 48. fxe5 Nf4 49. h4 h5 50. Kf1 Ng6 51. e6 Ne7 52. Bxh5 Kf6 53. f4 Ng8 54.
Rxb6 Ke7 55. Bf3 Nf6 56. h5 1-0

[Event "Bobby Fischer Memorial"]
[Site "Villa Martelli ARG"]
[Date "2008.03.17"]
[Round "7.4"]
[White "Rodriguez Vila, Andres"]
[Black "Coelho, Luis Henrique"]
[Result "1-0"]
[PlyCount "127"]
[EventDate "2008.03.11"]
[EventType "tourn"]
[EventRounds "9"]
[EventCountry "ARG"]
[EventCategory "8"]
[Source "lmi"]
[SourceDate "2008.03.11"]
[WhiteElo "2566"]
[BlackElo "2392"]

1. e4 c5 2. Nf3 Nc6 3. d4 cxd4 4. Nxd4 Nf6 5. Nc3 d6 6. Be3 Ng4 7. Bb5 Bd7 8.
O-O Nxe3 9. fxe3 e6 10. Bxc6 bxc6 11. Qf3 Qf6 12. Qe2 Qg5 13. Rf3 Be7 14. Rg3
Qe5 15. Qa6 O-O 16. Qb7 Rfd8 17. Nxc6 Bxc6 18. Qxe7 h6 19. Qh4 Rdb8 20. Rb1 Rb4
21. a3 Rb7 22. Rg4 Rab8 23. Nd1 Kh7 24. b3 Rc7 25. Rb2 a5 26. h3 Ba8 27. a4 g5
28. Qg3 Qxg3 29. Rxg3 Bxe4 30. c4 d5 31. h4 gxh4 32. Rg4 f5 33. Rf4 dxc4 34.
bxc4 Rxb2 35. Nxb2 Rb7 36. Rf2 Rb3 37. Re2 Kg6 38. Kf2 Kf6 39. Kg1 Ke5 40. Kh2
Kd6 41. Kh3 f4 42. Nd1 Rd3 43. Nf2 Bf5+ 44. Kxh4 Rxe3 45. Rb2 Ra3 46. Rb6+ Kd7
47. Ng4 Rxa4 48. Nxh6 Bd3 49. Ng4 Bxc4 50. Ne5+ Ke7 51. Kg5 Bf1 52. Ng6+ Kd7
53. Nxf4 e5 54. Ne6 Rb4 55. Nc5+ Kc7 56. Rf6 Rf4 57. Ne6+ Kb7 58. Nxf4 exf4 59.
g4 Bd3 60. Kxf4 a4 61. Ke3 Bc4 62. Kd4 Bb3 63. g5 a3 64. Rf3 1-0

[Event "Bobby Fischer Memorial"]
[Site "Villa Martelli ARG"]
[Date "2008.03.18"]
[Round "8.2"]
[White "Coelho, Luis Henrique"]
[Black "Panno, Oscar"]
[Result "1/2-1/2"]
[PlyCount "81"]
[EventDate "2008.03.11"]
[EventType "tourn"]
[EventRounds "9"]
[EventCountry "ARG"]
[EventCategory "8"]
[Source "lmi"]
[SourceDate "2008.03.11"]
[WhiteElo "2392"]
[BlackElo "2429"]

1. d4 d5 2. c4 c6 3. Nc3 Nf6 4. e3 g6 5. Nf3 Bg7 6. Bd3 O-O 7. O-O Bg4 8. h3
Bxf3 9. Qxf3 e6 10. b4 Nbd7 11. Rb1 Re8 12. Rd1 Qe7 13. b5 Rab8 14. Bf1 Rec8
15. e4 dxc4 16. Bxc4 c5 17. Ba3 Qe8 18. dxc5 Nxc5 19. Rbc1 Nfd7 20. Bf1 b6 21.
Qe3 Nb7 22. Ne2 Rxc1 23. Bxc1 Ndc5 24. Nd4 Rd8 25. e5 Na5 26. Be2 Qe7 27. Bd2
Ncb7 28. Rc1 Qd7 29. Bc3 Qd5 30. Bf3 Qxe5 31. Qxe5 Bxe5 32. Nc6 Nxc6 33. bxc6
Bxc3 34. cxb7 Be5 35. Rc8 Rf8 36. Bc6 Kg7 37. g3 f5 38. Bd7 Rf7 39. Bc6 Rf8 40.
Bd7 Rf7 41. Bc6 1/2-1/2

[Event "Bobby Fischer Memorial"]
[Site "Villa Martelli ARG"]
[Date "2008.03.18"]
[Round "8.3"]
[White "Claverie, Raul"]
[Black "Rodriguez Vila, Andres"]
[Result "0-1"]
[PlyCount "88"]
[EventDate "2008.03.11"]
[EventType "tourn"]
[EventRounds "9"]
[EventCountry "ARG"]
[EventCategory "8"]
[Source "lmi"]
[SourceDate "2008.03.11"]
[WhiteElo "2394"]
[BlackElo "2566"]

1. g3 e5 2. Bg2 d5 3. d3 c6 4. Nf3 Bd6 5. e4 Ne7 6. O-O O-O 7. Re1 d4 8. Nbd2
f6 9. c3 c5 10. Nc4 Bc7 11. cxd4 cxd4 12. a4 Nbc6 13. b4 a6 14. Rb1 b5 15. Na3
Rb8 16. Bd2 Be6 17. Nh4 Qd7 18. f4 Bd6 19. f5 Bf7 20. Re2 Rfd8 21. axb5 axb5
22. g4 Rdc8 23. Nf3 Kh8 24. g5 Rc7 25. Qe1 Nc8 26. gxf6 gxf6 27. Qh4 Be7 28.
Bh3 Nd6 29. Rg2 Rcc8 30. Kh1 Rg8 31. Rg6 Ne8 32. Rbg1 Bf8 33. Nc2 Rb7 34. Bh6
Bxg6 35. fxg6 Qd6 36. Bxf8 Qxf8 37. Qh5 Rgg7 38. Bf5 Nd6 39. Nh4 Ne7 40. Be6
Qe8 41. Qh6 Ng8 42. Qh5 Qxe6 43. gxh7 Rxg1+ 44. Kxg1 Ne7 0-1

[Event "Bobby Fischer Memorial"]
[Site "Villa Martelli ARG"]
[Date "2008.03.18"]
[Round "8.4"]
[White "Lemos, Damian"]
[Black "Flores, Diego"]
[Result "1-0"]
[PlyCount "105"]
[EventDate "2008.03.11"]
[EventType "tourn"]
[EventRounds "9"]
[EventCountry "ARG"]
[EventCategory "8"]
[Source "lmi"]
[SourceDate "2008.03.11"]
[WhiteElo "2460"]
[BlackElo "2558"]

1. d4 g6 2. Nf3 Bg7 3. g3 Nf6 4. Bg2 O-O 5. O-O c5 6. d5 d6 7. Nc3 Na6 8. e4
Nc7 9. a4 Rb8 10. Re1 Bg4 11. h3 Bxf3 12. Qxf3 Nd7 13. Qe2 Re8 14. Bg5 a6 15.
a5 b5 16. axb6 Nb5 17. Rxa6 Nd4 18. Qd1 Nxb6 19. Ne2 Nxe2+ 20. Qxe2 Bxb2 21.
Bd2 Bd4 22. Ba5 c4 23. Rb1 e6 24. c3 Bc5 25. Rb5 exd5 26. Qb2 Qc8 27. Raxb6
Bxb6 28. Bxb6 dxe4 29. Bd4 d5 30. Rxb8 Qxb8 31. Qd2 Qd6 32. h4 f6 33. Qh6 Qe6
34. h5 Qf5 35. hxg6 hxg6 36. Bh3 Qg5 37. Qxg5 fxg5 38. Bd7 Rd8 39. Be6+ Kh7 40.
Kg2 Rd6 41. Bg4 Kh6 42. Kh3 Rd8 43. Be2 Rf8 44. Kg4 Rf5 45. Bd1 Kh7 46. Ba4 Rf8
47. Bc6 Rd8 48. Kxg5 Rf8 49. Bd7 Rf7 50. Be6 Rf8 51. g4 Rd8 52. Bf7 Rd6 53. Bf6
1-0